Золь-гель технология пористых композитов

書誌詳細
第一著者: Кудрявцев П. Г. Павел Геннадьевич
その他の著者: Фиговский О. Л. Олег Львович
要約:Проведен анализ методов получения, исследования свойств и применения золей оксидов металлов для получения -неорганических композитов и керамики. В качестве пракгического приложения методов золь-гель технологии выбрано получение пористых материалов. Подобран состав, структура и свойства пористых материалов, проанализированы методы их получения. Предложен комплекс методов исследования состава, структуры, свойств золей и материалов на их основе. Разработаны методы получения кремне- и алюмозолей. Исследованы их свойства и предложены модели, описывающие поведение частиц золей. В золях исследован золь-гель переход реологическими методами, предложены описывающие его модели. На основе использования золей и управления процессом золь-гель перехода разработаны способы получения широкого спектра огнеупорных пористых материалов. Проведены испытания, разработаны технологические рекомендации для промышленного производства. Для широкого круга научных работников, технологов и специалистов-практиков, а также преподавателей, аспирантов и студентов старших курсов технических вузов для углубленного изучения основ технологий нанокомпозиционных материалов на силикатной основе. '
言語:ロシア語
出版事項: Германия, LAP Lambert Academic Publishing, 2015
主題:
フォーマット: 図書
KOHA link:https://koha.lib.tpu.ru/cgi-bin/koha/opac-detail.pl?biblionumber=310964

MARC

LEADER 00000nam0a2200000 4500
001 310964
005 20231102002335.0
010 |a 9783659785290 
035 |a (RuTPU)RU\TPU\book\336319 
090 |a 310964 
100 |a 20151201d2015 k y0rusy50 ca 
101 0 |a rus 
102 |a DE 
105 |a a z 001zy 
200 1 |a Золь-гель технология пористых композитов  |f П. Г. Кудрявцев, О. Л. Фиговский 
210 |a Германия  |c LAP Lambert Academic Publishing  |d 2015 
215 |a 466 с.  |c ил. 
320 |a Библиогр.: с. 462-463. 
330 |a Проведен анализ методов получения, исследования свойств и применения золей оксидов металлов для получения -неорганических композитов и керамики. В качестве пракгического приложения методов золь-гель технологии выбрано получение пористых материалов. Подобран состав, структура и свойства пористых материалов, проанализированы методы их получения. Предложен комплекс методов исследования состава, структуры, свойств золей и материалов на их основе. Разработаны методы получения кремне- и алюмозолей. Исследованы их свойства и предложены модели, описывающие поведение частиц золей. В золях исследован золь-гель переход реологическими методами, предложены описывающие его модели. На основе использования золей и управления процессом золь-гель перехода разработаны способы получения широкого спектра огнеупорных пористых материалов. Проведены испытания, разработаны технологические рекомендации для промышленного производства. Для широкого круга научных работников, технологов и специалистов-практиков, а также преподавателей, аспирантов и студентов старших курсов технических вузов для углубленного изучения основ технологий нанокомпозиционных материалов на силикатной основе. ' 
606 1 |a Золь-гель  |2 stltpush  |3 (RuTPU)RU\TPU\subj\32355  |9 54929 
610 1 |a пористые композиционные материалы 
610 1 |a состав 
610 1 |a структура 
610 1 |a свойства 
610 1 |a твердые тела 
610 1 |a поры 
610 1 |a технология 
610 1 |a термостойкие материалы 
610 1 |a получение 
610 1 |a неорганические связующие 
610 1 |a неорганические композиты 
610 1 |a керамика 
610 1 |a синтезированные золи 
610 1 |a кремнезоль 
610 1 |a алюмозоль 
610 1 |a силикаты 
610 1 |a жидкое стекло 
610 1 |a водные растворы 
610 1 |a отверждение 
610 1 |a моделирование 
610 1 |a дисперсные силикатные системы 
610 1 |a волокнистые материалы 
610 1 |a создание 
675 |a 661.68  |v 4 
700 1 |a Кудрявцев  |b П. Г.  |g Павел Геннадьевич 
701 1 |a Фиговский  |b О. Л.  |g Олег Львович 
801 1 |a RU  |b 63413507  |c 20151201 
801 2 |a RU  |b 63413507  |c 20160418  |g RCR 
900 |a Композиционные материалы 
942 |c BK 
959 |a 151/20151201  |d 1  |e 0  |f ЧЗТЛ:1